The present in Delhi's Pasts: (Record no. 68853)

MARC details
000 -LEADER
fixed length control field 00850nam a22002177a 4500
005 - DATE AND TIME OF LATEST TRANSACTION
control field 2012080304214.0
010 ## - LCCN (DPL NO)
LC control number B-477208
020 ## - INTERNATIONAL STANDARD BOOK NUMBER
International Standard Book Number 9788188789443
Terms of availability 250.00
035 ## - SYSTEM CONTROL NUMBER
System control number B-477208
037 ## - SOURCE OF ACQUISITION
Stock number dpl
Source of stock number/acquisition K.K.Pub/Ven
082 ## - DEWEY DECIMAL CLASSIFICATION NUMBER
Classification number 725.94095416
100 ## - MAIN ENTRY--PERSONAL NAME
Personal name Sunil Kumar
245 ## - TITLE STATEMENT
Title The present in Delhi's Pasts:
Remainder of title five essays/
Statement of responsibility, etc by Sunil Kumar
250 ## - EDITION STATEMENT
Edition statement 2nd edn
260 ## - PUBLICATION, DISTRIBUTION, ETC. (IMPRINT)
Place of publication, distribution, etc Gurgaon
Name of publisher, distributor, etc Three essays
Date of publication, distribution, etc 2011
270 ## - ADDRESS
Address B-957 Palam Vihar
City Gurgaon
Postal code 122017
300 ## - PHYSICAL DESCRIPTION
Extent 138p.
Dimensions 21cm.
942 ## - ADDED ENTRY ELEMENTS (KOHA)
Source of classification or shelving scheme Dewey Decimal Classification
Item type English Books
Call number suffix SUN
Classification part 725.94095416
Holdings
Withdrawn status Lost status Not for loan Collection code Home library Current library Date acquired Source of acquisition Cost, normal purchase price Full call number Barcode Copy number Cost, replacement price Koha item type
      Non-fiction Central Library Central Library 09/08/2012 K.K.Pub/1907/30.3.2012/SP/45/30.03.2012/30.03.2012 250.00 725.94095416 SUN B-477208 1 250.00 English Books

© Delhi Public Library
Hit Counter
free hit counter